000
00262nam a2200109Ia 4500
005
20251222154424.0
008
251222s9999||||xx |||||||||||||| ||spa||
020
_a
84-7861-022-7
082
_a
100/U61N/Ej.3
245
0
_a
Nuevos textos cou filosofĂa
942
_c
LIB
999
_c
36131
_d
36131